Die El-Amarna-Tafeln /

Bibliographic Details
Uniform Title:Tell el-Amarna tablets.
Other Authors: Knudtzon, J. A. (Jørgen Alexander), 1854-1917, Weber, Otto, 1877-1928
Format: Book
Language:German
Akkadian
Published: Aalen : O. Zeller, 1964.
Series:Vorderasiatische bibliothek ; [2. Stück].
Subjects:

MARC

Tag First Indicator Second Indicator Subfields
LEADER 00000cam a2200000 a 4500
001 in00000016385
005 20151007052747.0
008 820428r19641915gw 00010 ger d
035 |a (OCoLC)08377704 
035 |9 AAA9072AM 
040 |a UND  |c UND  |d TXA  |d UtOrBLW 
041 1 |a akk  |a ger 
043 |a f-ua---  |a a-----  |a a-is--- 
049 |a TXAM  |d [  |v =T.]  |v 1 [A11040280]  |v 2 [A11040337] 
050 4 |a PJ3885  |b .K6 1964 
130 0 |a Tell el-Amarna tablets. 
245 1 4 |a Die El-Amarna-Tafeln /  |c mit Einleitungpund Erläuterungen hrsg. von J. A. Knudtzon ; Anmerkungen und Register bearb. von Otto Weber und Erich Ebeling. 
264 1 |a Aalen :  |b O. Zeller,  |c 1964. 
300 |a 2 volumes (viii, 1614 pages) ;  |c 22 cm. 
336 |a text  |b txt  |2 rdacontent 
337 |a unmediated  |b n  |2 rdamedia 
338 |a volume  |b nc  |2 rdacarrier 
490 1 |a Vorderasiatische bibliothek ;  |v [2. Stück] 
500 |a Reprint: Leipzig : J.C. Hinrichs, 1915. 
500 |a Transliterated text and German translation. 
505 0 |a 1.T. Texte.--2.T. Anmerkungen bearb. von O. Weber. 
650 0 |a Akkadian language  |v Texts. 
651 0 |a Egypt  |x History  |x Sources. 
651 0 |a Middle East  |x History  |x Sources. 
651 0 |a Palestine  |x History  |x Sources. 
700 1 |a Knudtzon, J. A.  |q (Jørgen Alexander),  |d 1854-1917. 
700 1 |a Weber, Otto,  |d 1877-1928. 
830 0 |a Vorderasiatische bibliothek ;  |v [2. Stück]. 
999 |a MARS 
999 f f |s cbd44f92-66c9-3947-88ca-78e031eb1e10  |i f44412da-dbee-314a-96b1-167d30709df8  |t 0 
952 f f |p ric  |a Texas A&M University  |b Rellis Campus  |c Joint Library Facility  |s JLF  |d Remote Storage  |t 0  |e PJ3885 .K6 1964  |h Library of Congress classification  |i unmediated -- volume  |k T.2  |m A14811040337 
952 f f |p ric  |a Texas A&M University  |b Rellis Campus  |c Joint Library Facility  |s JLF  |d Remote Storage  |t 0  |e PJ3885 .K6 1964  |h Library of Congress classification  |i unmediated -- volume  |k T.1  |m A14811040280 
998 f f |a PJ3885 .K6 1964  |s T.1-T.2  |t 0  |l Remote Storage